<?xml version="1.0" encoding="UTF-8"?><?xml-stylesheet type="text/xsl" href="static/style.xsl"?><OAI-PMH xmlns="http://www.openarchives.org/OAI/2.0/" xmlns:xsi="http://www.w3.org/2001/XMLSchema-instance" xsi:schemaLocation="http://www.openarchives.org/OAI/2.0/ http://www.openarchives.org/OAI/2.0/OAI-PMH.xsd"><responseDate>2026-04-17T17:20:35Z</responseDate><request verb="GetRecord" identifier="oai:www.recercat.cat:20.500.12327/919" metadataPrefix="marc">https://recercat.cat/oai/request</request><GetRecord><record><header><identifier>oai:recercat.cat:20.500.12327/919</identifier><datestamp>2025-10-22T11:02:42Z</datestamp><setSpec>com_2072_4428</setSpec><setSpec>com_2072_4427</setSpec><setSpec>col_2072_487898</setSpec></header><metadata><record xmlns="http://www.loc.gov/MARC21/slim" xmlns:dcterms="http://purl.org/dc/terms/" xmlns:xsi="http://www.w3.org/2001/XMLSchema-instance" xmlns:doc="http://www.lyncode.com/xoai" xsi:schemaLocation="http://www.loc.gov/MARC21/slim http://www.loc.gov/standards/marcxml/schema/MARC21slim.xsd">
   <leader>00925njm 22002777a 4500</leader>
   <datafield ind2=" " ind1=" " tag="042">
      <subfield code="a">dc</subfield>
   </datafield>
   <datafield ind2=" " ind1=" " tag="720">
      <subfield code="a">Rodríguez‐Ramilo, Silvia T.</subfield>
      <subfield code="e">author</subfield>
   </datafield>
   <datafield ind2=" " ind1=" " tag="720">
      <subfield code="a">Reverter, Antonio</subfield>
      <subfield code="e">author</subfield>
   </datafield>
   <datafield ind2=" " ind1=" " tag="720">
      <subfield code="a">Sánchez, Juan P.</subfield>
      <subfield code="e">author</subfield>
   </datafield>
   <datafield ind2=" " ind1=" " tag="720">
      <subfield code="a">Fernández, Jesus</subfield>
      <subfield code="e">author</subfield>
   </datafield>
   <datafield ind2=" " ind1=" " tag="720">
      <subfield code="a">Velasco‐Galilea, Maria</subfield>
      <subfield code="e">author</subfield>
   </datafield>
   <datafield ind2=" " ind1=" " tag="720">
      <subfield code="a">González, Olga</subfield>
      <subfield code="e">author</subfield>
   </datafield>
   <datafield ind2=" " ind1=" " tag="720">
      <subfield code="a">Piles, Miriam</subfield>
      <subfield code="e">author</subfield>
   </datafield>
   <datafield ind2=" " ind1=" " tag="260">
      <subfield code="c">2020-08-17</subfield>
   </datafield>
   <datafield ind2=" " ind1=" " tag="520">
      <subfield code="a">The correlation between pedigree and genomic‐based inbreeding coefficients is usually discussed in the literature. However, some of these correlations could be spurious. Using partial correlations and information theory, it is possible to distinguish a significant association between two variables which is independent from associations with a third variable. The objective of this study is to implement partial correlations and information theory to assess the relationship between different inbreeding coefficients using a selected population of rabbits. Data from pedigree and genomic information from a 200K SNP chip were available. After applying filtering criteria, the data set comprised 437 animals genotyped for 114,604 autosomal SNP. Fifteen pedigree‐ and genome‐based inbreeding coefficients were estimated and used to build a network. Recent inbreeding coefficient based on runs of homozygosity had 9 edges linking it with different inbreeding coefficients. Partial correlations and information theory approach allowed to infer meaningful associations between inbreeding coefficients and highlighted the importance of the recent inbreeding based on runs of homozygosity, but a good proxy of it could be those pedigree‐based definitions reflecting recent inbreeding.</subfield>
   </datafield>
   <datafield ind1="8" ind2=" " tag="024">
      <subfield code="a">Rodríguez‐Ramilo, Silvia T., Antonio Reverter, Juan P. Sánchez, Jesus Fernández, Maria Velasco‐Galilea, Olga González, and Miriam Piles. 2020. "Networks Of Inbreeding Coefficients In A Selected Population Of Rabbits". Journal Of Animal Breeding And Genetics 137 (6): 599-608. doi:10.1111/jbg.12500.</subfield>
   </datafield>
   <datafield ind1="8" ind2=" " tag="024">
      <subfield code="a">0931-2668</subfield>
   </datafield>
   <datafield ind1="8" ind2=" " tag="024">
      <subfield code="a">http://hdl.handle.net/20.500.12327/919</subfield>
   </datafield>
   <datafield ind1="8" ind2=" " tag="024">
      <subfield code="a">https://doi.org/10.1111/jbg.12500</subfield>
   </datafield>
   <datafield ind2="0" ind1="0" tag="245">
      <subfield code="a">Networks of inbreeding coefficients in a selected population of rabbits</subfield>
   </datafield>
</record></metadata></record></GetRecord></OAI-PMH>